The trial of Bhagat Singh : (Record no. 52303)

MARC details
000 -LEADER
fixed length control field 01882nam a22003017a 4500
005 - DATE AND TIME OF LATEST TRANSACTION
control field 20110510140044.0
010 ## - LCCN (DPL NO)
LC control number 425584-588
020 ## - INTERNATIONAL STANDARD BOOK NUMBER
International Standard Book Number 0195678176
Terms of availability 325.00
020 ## - INTERNATIONAL STANDARD BOOK NUMBER
International Standard Book Number 9780195678178
Terms of availability 325.00
035 ## - SYSTEM CONTROL NUMBER
System control number 425584-588
037 ## - SOURCE OF ACQUISITION
Source of stock number/acquisition RBC/VEN
082 ## - DEWEY DECIMAL CLASSIFICATION NUMBER
Classification number 345.5470231
100 ## - MAIN ENTRY--PERSONAL NAME
Personal name Noorani, A.G.
245 ## - TITLE STATEMENT
Title The trial of Bhagat Singh :
Remainder of title politics of justice /
Statement of responsibility, etc by A.G. Noorani.
260 ## - PUBLICATION, DISTRIBUTION, ETC. (IMPRINT)
Place of publication, distribution, etc New Delhi
Name of publisher, distributor, etc Oxford University Press
Date of publication, distribution, etc 2010
300 ## - PHYSICAL DESCRIPTION
Extent xx, 339 p.
Other physical details map
Dimensions 23 cm.(pbk)
500 ## - GENERAL NOTE
General note includes bibliographical references and index.
600 ## - SUBJECT ADDED ENTRY--PERSONAL NAME
Personal name Singh, Bhagat |
General subdivision Trials, litigation, etc
650 ## - SUBJECT ADDED ENTRY--TOPICAL TERM
Topical term or geographic name as entry element Trials (Treason)
Geographic subdivision Pakistan
-- Lahore
650 ## - SUBJECT ADDED ENTRY--TOPICAL TERM
Topical term or geographic name as entry element Trials (Terrorism)
Geographic subdivision Pakistan
-- Lahore
942 ## - ADDED ENTRY ELEMENTS (KOHA)
Source of classification or shelving scheme Dewey Decimal Classification
Item type English Books
Classification part 345.5470231
Call number suffix NOO
Holdings
Withdrawn status Lost status Not for loan Collection code Home library Current library Date acquired Source of acquisition Cost, normal purchase price Full call number Barcode Copy number Cost, replacement price Koha item type
      Non-fiction Bawana Bawana 19/05/2011 RBC/22493/23.3.11/76/4.3.11/25.3.11 325.00 345.5470231 NOO B-425587 1 325.00 English Books
      Non-fiction Central Library Central Library 19/05/2011 RBC/22493/23.3.11/76/4.3.11/25.3.11 325.00 345.5470231 NOO B-425584 1 325.00 English Books
      Non-fiction Patel Nagar Patel Nagar 19/05/2011 RBC/22493/23.3.11/76/4.3.11/25.3.11 325.00 345.5470231 NOO B-425585 1 325.00 English Books
      Non-fiction Sarojini Nagar Sarojini Nagar 19/05/2011 RBC/22493/23.3.11/76/4.3.11/25.3.11 325.00 345.5470231 NOO B-425586 1 325.00 English Books
  Written-off vide DLB M. No. 383 dt 16.05.19   Non-fiction Shahdara Branch Shahdara Branch 19/05/2011 RBC/22493/23.3.11/76/4.3.11/25.3.11 325.00 345.5470231 NOO B-425588 1 325.00 English Books

© Delhi Public Library
Hit Counter
free hit counter